000 00526nam a2200181Ia 4500
999 _c16757
_d16757
003 OSt
005 20200606120004.0
008 190216s9999||||xx |||||||||||||| ||und||
020 _a8189394053
040 _cMESKC library
082 _a491.43321
_bTAR/P
100 _aTharun, Harivamsha
_9290
245 0 _aPramanik Paryayavaji Kosh /
_cHarivamsha Tharun
260 _bLok Siksha Manch,
_c2011.
_aDelhi:
300 _a372p
650 _aHindi
942 _cBK
_2ddc
_h491.43321
_iTAR/P
_k491.43321
_mTAR/P